00396nam a2200133 4500003000900000020001800009040002800027100003500055245005400090260003200144300002000176650003500196650003100231CO-ViMGA a9789588883946 aCO-ViMGAbspacCO-ViMGA1 aVásquez, Juan Gabriel, 1973-10aLa forma de las ruinas /cJuan Gabriel Vásquez. aBogota :bAlfaguara,c2017. a547 páginas ;14aAutores Colombianos - Siglo XX14aNovela Colombiana Siglo XX